000 00492nam a22001577a 4500
008 240603b |||||||| |||| 00| 0 eng d
020 _a0198283008.
050 _aHD78.J65 1988
100 _aJones E.L
_952834
245 _aGrowth recurring;
_beconomic change in world history.
_cE.L. Jones.
260 _aOxford:
_bClarendon Press,
_c1988.
300 _aix;
_b247p,
_c22cm.
650 _aEconomic development,
_vhistory.
_952836
650 _aeconomic history.
_97284
942 _2lcc
_cMONOGRAPH
999 _c131936
_d131936